| 000 | 02288nam0a2200349 4500 | ||
|---|---|---|---|
| 001 | RU\NLR\BIBL_A\022622155 | ||
| 005 | 20251223130952.0 | ||
| 010 |
_a978-5-6053821-0-2 _9120 |
||
| 021 |
_aRU _bКН-П-25-043317 _9КН-П-25-4216 |
||
| 035 | _a(NLR Aleph) 022622155 | ||
| 090 |
_a13509461 _c13509461 |
||
| 100 | _a20250915d2025 k y0rusy50 ca | ||
| 101 | 0 | _arus | |
| 102 | _aRU | ||
| 105 | _aa z 100yy | ||
| 181 | 0 |
_ai _baxxe |
|
| 182 | 0 | _an | |
| 200 | 1 |
_aМеждународная конференция DeafSkills по проблемам трудоустройства и получения профессионального образования людьми с нарушениями слуха "Глухие могут все: образование и трудоустройство без границ" [г. Казань, 2021] _eсборник докладов _fОООИ "Всероссийское общество глухих" |
|
| 203 |
_aТекст _bвизуальный _cнепосредственный |
||
| 210 |
_aМосква _c[б. и.] _d2025 |
||
| 215 |
_a113 с. _cил., табл. _d21 |
||
| 320 | _aБиблиогр. в конце ст. | ||
| 606 | 1 |
_aЛица с нарушением слуха _xПрофессиональное образование _jСъезды, совещания и т.п _2nlr_sh2 _3RU\NLR\AUTH\661589805 |
|
| 606 | 1 |
_aЛица с нарушением слуха _xРеабилитация профессиональная _jСъезды, совещания и т.п _2nlr_sh2 _3RU\NLR\AUTH\6601682509 |
|
| 686 | 1 | _aЧ432.194я431 | |
| 686 | 1 | _aЧ432д.я431 | |
| 710 | 1 | 2 |
_a"Глухие могут все: образование и трудоустройство без границ", международная конференция по проблемам трудоустройства и получения профессионального образования людьми с нарушениями слуха _f2021 _eКазань _3RU\NLR\AUTH\880631129 |
| 942 | _cBOOK | ||
| 980 | _aNB | ||